Dog Name or Human Name? Quiz Stats

 Plays Quiz Updated Jun 15, 2015

Challenge
Share
Tweet
Embed
Score 0/26 Timer 05:00
3 Plays Today
Name Dog (D) or Human (H)? % Correct
Zeus???
91.1%
Ethan???
90.1%
Liam???
90.1%
Emma???
89.8%
Madison???
87.8%
Charlotte???
87%
Noah???
86.5%
Olivia???
85.4%
Princess???
83.3%
Aubrey???
82.4%
Max???
82.1%
Abigail???
82.1%
Logan???
80.5%
Name Dog (D) or Human (H)? % Correct
Mason???
79.2%
Luna???
76.3%
Mia???
74.5%
Tucker???
70%
Harper???
69.9%
Bailey???
69.1%
Charlie???
64.6%
Cooper???
64.5%
Bella???
63.5%
Jack???
46.7%
Zoey???
37.1%
Lily???
36.8%
Chloe???
29.4%

You're not logged in!

Compare scores with friends on all Sporcle quizzes.
Join for Free
OR
Log In

You Might Also Like...

Show Comments

Extras

Top Quizzes Today


Score Distribution

Your Account Isn't Verified!

In order to create a playlist on Sporcle, you need to verify the email address you used during registration. Go to your Sporcle Settings to finish the process.

Report this User

Report this user for behavior that violates our Community Guidelines.

Details: